LEADER 01039nam a2200205 u 4500 001 000000109897 003 CaOOAMICUS 005 20080219171413.0 008 080219s1932 it u000 u ita u 040 $aPUL$bita$dLDB 100 1 $aTramontana, Domenico.$0(OLS)http://pul/name/29828 245 10$aIstituzioni di diritto civile :$bcon una introduzione sui principi generali del diritto ad uso degli istituti di istruzione media /$cDomenico Tramontana. 260 $aVenezia :$bLibreria Emiliana,$c1932. 300 $a370 p. ;$c21 cm. 650 4$aDiritto civile$xManuali.$0(OLS)http://pul/subject/20112 850 $aPUL 852 $aPUL$W1$xDP1 Cons. Gen., Altre Classi 1$y22$m831 A 30$j125837$qStampati$B124565$CPULBib$Z2$F124565 $H36599 $82 941 1 $a8 996 $6245$aIstituzioni di diritto civile :$bcon una introduzione sui principi generali del diritto ad uso degli istituti di istruzione media$9(OLS)http://pul/title/138191 996 $6260$aVenezia :$bLibreria Emiliana$9(OLS)http://pul/publisher/77053 LEADER 01229nam a2200277 u 4500 001 000000116266 003 CaOOAMICUS 005 20090617120406.0 008 090617s2008 it u000 u ita r 020 $z978-88-217-2915-7* 040 $aPUL$bita$dLDB 100 1 $aDe Capoa, Antonio.$0(OLS)http://pul/name/72219 245 10$aRomania :$bcommercio internazionale e investimenti esteri /$cAntonio De Capoa, Alessandro De Rubertis. 260 $aMilano :$bIpsoa,$cc2008. 300 $axviii, 292 p. ;$c24 cm 490 1 $aPaesi emergenti ;$v09 504 $aBibliografia in nota. 651 4$aRomania$xCommerio internazionale.$0(OLS)http://pul/subject/35503 700 1 $aDe Rubertis, Alessandro.$0(OLS)http://pul/name/72220 830 0$aPaesi emergenti ;$v09.$0(OLS)http://pul/title/139180 850 $aPUL 852 $aPUL$W1$xSL Diritto e Scienze Sociali 3$y79$m382. 094 DECAN 1$j133227$qDDC 21$B132253$CPULBib$Z2$F132253 $H110877 $82 941 1 $a9 996 $6020$z978-88-217-2915-7*$9(OLS)http://pul/number/141175 996 $6245$aRomania :$bcommercio internazionale e investimenti esteri$9(OLS)http://pul/title/146111 996 $6260$aMilano :$bIpsoa$9(OLS)http://pul/publisher/67046